| 000 | 01086cam a2200337 a 4500 | ||
|---|---|---|---|
| 999 |
_c1981 _d1981 |
||
| 003 | OSt | ||
| 005 | 20210818060652.0 | ||
| 008 | 031119s2004 nyu be 001 0 eng | ||
| 020 | _a0761474943 (set) | ||
| 040 | _cDLC | ||
| 042 | _apcc | ||
| 050 | 0 | 0 |
_aREF RC81.A2 _b.E5 2005 |
| 090 | _a610.3 ENC | ||
| 245 | 0 | 0 |
_aEncyclopedia of family health / _cDavid B. Jacoby, Robert M. Youngson. |
| 250 | _aThird edition | ||
| 260 |
_aTarrytown, NY : _bMarshall Cavendish, _c2004. |
||
| 263 | _a0411 | ||
| 300 |
_a18 volumes ; _c29 cm. |
||
| 336 |
_atext _btxt _2rdacontent |
||
| 337 |
_aunmediated _bn _2rdamedia |
||
| 338 |
_avolume _bnc _2rdacarrier |
||
| 504 | _aIncludes bibliographical references and index. | ||
| 650 | 0 |
_aMedicine, Popular _vEncyclopedias. |
|
| 650 | 0 |
_aHealth _vEncyclopedias. |
|
| 700 | 1 | _aJacoby, David B. | |
| 700 | 1 | _aYoungson, R. M. | |
| 710 | 2 | _aMarshall Cavendish Corporation. | |
| 906 |
_aBF:14:0 _aDP:0:1 _aEB:5:5 _aGHP:3:0 _aGW:2:0 _aHC:1:14 _aJO:1:0 _aPE:0:1 _aPR:0:8 _aRD:0:1 _aRS:3:0 _aRX:0:1 |
||
| 942 |
_2lcc _cREF _nIO |
||
| 948 |
_a07/04/2005 _b29/04/2005 |
||